| 000 | 00497nam a2200169Ia 4500 | ||
|---|---|---|---|
| 999 |
_c21022 _d21022 |
||
| 003 | OSt | ||
| 005 | 20201216130901.0 | ||
| 008 | 190216s9999||||xx |||||||||||||| ||und|| | ||
| 040 | _coclc | ||
| 082 |
_a954.83 _bNAI/W |
||
| 100 |
_aNair, C Gopalan _97595 |
||
| 245 | 0 |
_aWynad Its Peoples And Traditions / _cC Gopalan Nair |
|
| 260 |
_bAsian Education Services, _aNew Delhi: _c2000. |
||
| 300 | _a160p | ||
| 650 | _aHistory | ||
| 942 |
_cBK _2ddc _h954.83 _iNAI/W _k954.83 _mNAI/W |
||